01388cam a2200337 a 4500001001400000003000800014005001700022006001900039007001500058008004100073020003800114040003000152049002600182050002300208082001800231100001900249245008500268260002700353300003900380520029000419521001700709588004700726504005100773650002600824655002900850710001600879776003500895856008500930942001601015999001901031EDZ0000071652StDuBDS20161031105127.0m||||||||d||||||||cr |||||||||||120405s2004 enka fo| 001|0|eng d a9781446215531 (ebook) :cNo price aStDuBDSbengcStDuBDSepn aAlfaisal Main Library 0aRC488.5b.L69 200404a616.891562231 aLowe, Roger D.10aFamily therapyh[electronic resource] :ba constructive framework /cRoger Lowe. aLondon :bSAGE,c2004. a1 online resource (214 p.) :bill.8 aRoger Lowe introduces practitioners to the principles of using a constructive and collaborative approach with families. The approach builds on a strengths-based philosophy and focuses on enhancing family resilience and competence in a way that is both time-efficient and comprehensive. aSpecialized. aDescription based on print version record. aIncludes bibliographical references and index. 0aFamily psychotherapy. 7aElectronic books.2local2 aSage eBooks08iPrint version :z978076194303740uhttp://ezproxy.alfaisal.edu/login?url=http://sk.sagepub.com/books/family-therapy 2lcccEBOOKS c479870d479870